000 00293nam a22001337a 4500
008 170404b xxu||||| |||| 00| 0 eng d
020 _a9780072506822
041 _aeng
080 _a574
100 _a9
101 _aSHM
245 _aMANUAL EDITION ENVIRONMENT
_cALLEN.J.L
942 _2udc
_cBK
999 _c9587
_d9587